000 00907nas a2200313 4500
001 BR2014003920
003 BR-BrBNA
005 20231205124155.0
007 ta
008 230509b bl.|||p| |||| 00| 00por d
040 _aBR-BrBNA
_bpor
_cBiblioteca Nacional de Agricultura
041 _a(Pt)
072 _aK50; K10
100 1 _aTrevisan, R.
100 1 _aHaselein, C.R.
100 1 _aSantini, E.J.
100 1 _aDenardi, L.
100 1 _aGatto, D.A.
245 1 _aEfeito do desbaste nas rachaduras de topo das toras de Eucalyptus grandis W. Hill ex Maiden
650 _aEUCALIPTO
650 _aPROCESSAMENTO
650 _aSILVICULTURA
650 _aMADEIRA
650 _aQUALIDADE
650 _aTORA
773 0 _tCiência Florestal (Brazil)
_xISSN 0103-9954
_g(Jan-Mar 2014), v. 24(1) p. 193-204
_wBR2014003920
909 _a202311
_bLúcia
_c55
_dLúcia Elande
942 _2AGRIS
_n0
_cANA
999 _c237682
_d237682